000 00317nam a2200145Ia 4500
005 20250509033820.0
008 240331s9999 xx 000 0 und d
082 _a028
_bSAT
245 0 _aSath maga
260 _c1987
300 _a140 p .,
500 _aSinhala Magazine
700 _aFernando,M.
_eedt
942 _cL
999 _c1304
_d1304